000 01930cam a22004694i 4500
003 PE-LiUPU
005 20250731172722.0
008 150617s1974 sp rb 000 0 spa d
020 _a8430105506
035 _a(Sirsi) i9788430105502
040 _aPE-LiUPU
_bspa
_cPE-LiUPU
_erda
049 _aPRUA
082 0 4 _a232
_bP23
_221
100 1 _aPannenberg, Wolfhart,
_eautor.
245 1 0 _aFundamentos de Cristología /
_cWolfhart Pannenberg.
264 1 _aSalamanca :
_bSígueme,
_c1974.
300 _a511 páginas ;
_c22 centímetros.
336 _atext
_2rdacontent
337 _aunmediated
_2rdamedia
338 _avolume
_2rdacarrier
504 _aIncluye bibliografía.
505 0 _aEl conocimiento de la divinidad de Jesús: La resurección de Jesús como fundamento de su unidad con Dios, La divinidad de Jesús en relación con la divinidad del Padre -- Jesús, el hombre ante Dios: el auténtico hombre, la función de Jesús, la muerte de Jesús en cruz como castigo representativo -- La divinidad de Cristo y el Hombre Jesús: Carácter aporético de la doctrina de las dos naturalezas, la unidad personal de Jesús con Dios, la soberania de Jesucristo.
526 _aSEG42
526 _aSEG41
526 _aSEG40
526 _aSEG39
526 _aP94
526 _aP87
526 _aP86
526 _aP85
526 _aP77
526 _aP76
526 _aP35
650 0 4 _aCristologia
910 _ajck
_bjvq
_cjck
_d20150616
942 _2ddc
_cBOOK
949 _a232 P23
_wDEWEY
_c1
_i14165
_d2016-5-26
_e2016-5-23
_lCCODEBUL1
_mBUL
_n1
_r0
_sY
_tBOOK
_u2015-6-17
_xTEOLOGIA
_PP35
_0COMPRA
_o.STAFF. Colección Teología
994 _aC0
_bPEPRU
596 _a1
999 _a232 P23
_wDEWEY
_c1220
_i14165
_d1220
_e2017-9-27
_f2021-11-10
_g5
_lCCODEBUL1
_mBUL
_n2
_p30.00
_q1
_r0
_sY
_tBOOK
_u2015-6-17
_xTEOLOGIA
_PP35
_0COMPRA
_o.STAFF. Colección Teología
980 _81
_gALBERTO SANCHEZ Responsable de Automatización